| 000 | 01157cam a22002891i 4500 | ||
|---|---|---|---|
| 003 | SA-RiAUC | ||
| 005 | 20240919124948.0 | ||
| 008 | 240917s2013 jo g b 00010 ara c | ||
| 020 | _a9789957801519 | ||
| 040 |
_aSA-MaUQU _bara _cSA-RiAUC _erda |
||
| 082 | 0 | 4 |
_a252 _qSA-RiAUC |
| 090 |
_a252 ج ل ا _bج ل ا |
||
| 100 | 1 |
_aالجلابنة، علي بن سلطان _eمؤلف. |
|
| 245 | 1 | 0 |
_aأحكام المجاورة في أبواب العبادات والمعاملات في الفقه الإسلامي / _cعلي بن سلطان الجلابنة. |
| 250 | _aالطبعة الأولى. | ||
| 264 | 1 |
_aعمان، الأردن : _bدار النفائس، _c2013 |
|
| 300 |
_a216 صفحة ؛ _c24 × 17 سم |
||
| 336 |
_aنص _btxt _2rdacontent _3كتاب |
||
| 337 |
_aبدون وسيط _bn _2rdamedia |
||
| 338 |
_aمجلد _bnc _2rdacarrier |
||
| 504 | _aببليوجرافية : صفحة 199-209. | ||
| 650 | 7 |
_aالفقه الإسلامي _2aucsh |
|
| 650 | 7 |
_aالعبادات (فقه إسلامي) _2aucsh |
|
| 650 | 7 |
_aالمعاملات (فقه إسلامي) _2aucsh |
|
| 942 |
_2ddc _cBOOK |
||
| 949 |
_aSA-JeALM _d240917 _umohamedma123 _n1 |
||
| 999 |
_c384 _d384 |
||